[Event "Summer Prague Open 2020 - A"]
[Site "Olympik hotel, Sokolovska 138, Praha"]
[Date "2020.08.10"]
[Round "4"]
[Board "16"]
[White "Tabak, Stefan"]
[Black "Simek, Petr"]
[Result "0-1"]
[WhiteElo "2142"]
[BlackElo "2324"]
[PlyCount "150"]
[EventDate "2020.08.08"]
[EventRounds "9"]
[EventCountry "CZE"]

1. e4 c5 2. Nc3 Nc6 3. f4 g6 4. Nf3 Bg7 5. g3 d6 6. Bg2 e5 7. d3 Nge7 8. O-O
exf4 9. Bxf4 O-O 10. Qd2 Bg4 11. Rae1 Qd7 12. Bh6 Rad8 13. Bxg7 Kxg7 14. a3 f6
15. Rf2 b6 16. Qf4 Qe6 17. Nd5 Bxf3 18. Nxe7 Qxe7 19. Rxf3 d5 20. Rff1 d4 21.
Bh3 Ne5 22. b3 b5 23. Rd1 Rd6 24. Kh1 Rfd8 25. Rfe1 c4 26. bxc4 bxc4 27. Bf1
cxd3 28. Bxd3 Rc6 29. Rb1 Rc3 30. Red1 Rxa3 31. Rb5 Rc3 32. Ra5 Rd6 33. Rb1 Rb6
34. Rba1 Rb7 35. Ba6 Rbc7 36. Bd3 R3c5 37. R5a4 Nc6 38. Qf2 a5 39. Kg1 Qe5 40.
Rb1 Nb4 41. Rb2 h5 42. Kg2 Rc3 43. Qd2 Qc5 44. Kh3 Re7 45. Kg2 Re5 46. Qf2 Re7
47. Qd2 Rc7 48. Kh3 Qe5 49. Qe2 R7c5 50. Qf2 Kh6 51. Qd2+ Kg7 52. Qf2 Qe6+ 53.
Kg2 Qc6 54. Raxb4 axb4 55. Qxd4 b3 56. Rxb3 Rxb3 57. cxb3 Re5 58. Kf2 Qc1 59.
b4 Qd2+ 60. Kg1 h4 61. Qd7+ Kh6 62. Qd8 Qe1+ 63. Kg2 h3+ 64. Kf3 Qd1+ 65. Ke3
Kg5 66. Qh8 Qg1+ 67. Kf3 Qg2+ 68. Ke3 Qg1+ 69. Kf3 Qd1+ 70. Ke3 Qg4 71. b5 Re7
72. b6 f5 73. Qd8 f4+ 74. Kd4 Qd7+ 75. Qxd7 Rxd7+  0-1

[Event "Summer Prague Open 2020 - A"]
[Site "Olympik hotel, Sokolovska 138, Praha"]
[Date "2020.08.10"]
[Round "4"]
[Board "18"]
[White "Bullen, Alex"]
[Black "Pozdnjakov, Viatcheslav"]
[Result "0-1"]
[WhiteElo "2116"]
[BlackElo "2300"]
[PlyCount "118"]
[EventDate "2020.08.08"]
[EventRounds "9"]
[EventCountry "CZE"]

1. d4 Nf6 2. Nf3 g6 3. Nbd2 Bg7 4. e4 d6 5. Bd3 O-O 6. O-O c5 7. c3 cxd4 8.
cxd4 Nc6 9. Re1 Bg4 10. h3 Bd7 11. Nb3 a5 12. Be3 a4 13. Nbd2 Nb4 14. Bb1 Bb5
15. Nf1 Re8 16. a3 Nc6 17. N1d2 e5 18. Ba2 h6 19. Rc1 Bd3 20. d5 Ne7 21. Bb1
Bb5 22. Nc4 Nc8 23. Qd2 Kh7 24. Qb4 Qd7 25. Rc3 Nh5 26. Bd3 Ba6 27. Rec1 Bf6
28. Nb6 Nxb6 29. Rc7 Bxd3 30. Rxd7 Nxd7 31. Qxb7 Red8 32. Rc7 Rab8 33. Qc6 Bb5
34. Qxd6 Bg7 35. Qe7 Kg8 36. Qb4 Bf8 37. Qa5 Bd6 38. Rc1 Be2 39. Qxa4 Bxf3 40.
gxf3 Rxb2 41. Bxh6 Nf4 42. Bxf4 exf4 43. Rc2 Nb6 44. Qc6 Rb1+ 45. Rc1 Rxc1+ 46.
Qxc1 Rc8 47. Qb2 Nc4 48. Qb7 Rb8 49. Qa6 Rb1+ 50. Kg2 Rc1 51. h4 Kg7 52. a4 Rc2
53. h5 gxh5 54. a5 Bc5 55. Kh1 Bxf2 56. e5 Nxe5 57. Qd6 Bd4 58. Qa3 Rf2 59. a6
Nxf3  0-1

[Event "Summer Prague Open 2020 - A"]
[Site "Olympik hotel, Sokolovska 138, Praha"]
[Date "2020.08.10"]
[Round "4"]
[Board "20"]
[White "Narr, Kevin"]
[Black "Froeyman, Helmut"]
[Result "1/2-1/2"]
[WhiteElo "2110"]
[BlackElo "2281"]
[PlyCount "136"]
[EventDate "2020.08.08"]
[EventRounds "9"]
[EventCountry "CZE"]

1. d4 f5 2. Bf4 Nf6 3. e3 d6 4. Nc3 e6 5. Qf3 Qe7 6. e4 e5 7. dxe5 dxe5 8. Bd2
Nc6 9. Bb5 fxe4 10. Bxc6+ bxc6 11. Nxe4 Bd7 12. Ne2 Qf7 13. O-O Nxe4 14. Qxe4
Qd5 15. Qe3 Bc5 16. Qc3 O-O 17. Be3 Bd6 18. Ng3 Be6 19. Rfd1 Qc4 20. Qxc4 Bxc4
21. b3 Be6 22. Ne4 Rfd8 23. f3 a6 24. Kf2 h6 25. Rd2 Kf7 26. Rad1 Be7 27. Rxd8
Rxd8 28. Rxd8 Bxd8 29. Ke2 Be7 30. Bc5 Bd8 31. Kd3 h5 32. Be3 Be7 33. Bc5 Bd8
34. Be3 Be7 35. Bg5 Bd6 36. c4 Bf5 37. Kc3 Ke6 38. Be3 Kd7 39. c5 Be7 40. Kb4
Kc8 41. Kc3 Kb7 42. Nd2 Bf6 43. Kb4 Kc8 44. Ne4 Be7 45. Bd2 Bxe4 46. fxe4 g6
47. Bh6 Bf6 48. Be3 Be7 49. g3 g5 50. h3 g4 51. h4 Kb7 52. Kc4 Bf6 53. Kd3 Kc8
54. Bf2 Bg7 55. b4 Kd7 56. Kc4 Bf6 57. Be3 Ke6 58. Kb3 Kd7 59. Ka4 Kc8 60. Ka5
Kb7 61. Bh6 Ka7 62. Be3 Kb7 63. a4 Ka7 64. Bg5 Bg7 65. Be7 Kb7 66. Bg5 Bh8 67.
Bd8 Bg7 68. Bg5 Bh8  1/2-1/2

[Event "Summer Prague Open 2020 - A"]
[Site "Olympik hotel, Sokolovska 138, Praha"]
[Date "2020.08.10"]
[Round "4"]
[Board "21"]
[White "Kaderabek, Jiri"]
[Black "Mirimanian, Hayk"]
[Result "0-1"]
[WhiteElo "2114"]
[BlackElo "2268"]
[PlyCount "98"]
[EventDate "2020.08.08"]
[EventRounds "9"]
[EventCountry "CZE"]

1. e4 c5 2. Nf3 e6 3. b3 Nc6 4. Bb2 a6 5. Be2 Nf6 6. d3 Qc7 7. Nbd2 Be7 8. Nc4
d5 9. e5 Nh5 10. Nd6+ Bxd6 11. exd6 Qxd6 12. d4 Nf4 13. dxc5 Qxc5 14. Qd2 Nxe2
15. Qxe2 O-O 16. O-O f6 17. a4 Rd8 18. Ba3 Qc3 19. Qd2 Qxd2 20. Nxd2 Nd4 21.
Bc5 Ne2+ 22. Kh1 e5 23. Rfe1 Nf4 24. g3 Ne6 25. Bb6 Rd6 26. a5 Bd7 27. c4 dxc4
28. Nxc4 Bc6+ 29. Kg1 Rd3 30. Re3 Rxe3 31. fxe3 Ng5 32. h4 Ne4 33. Kh2 Kf7 34.
Rd1 Ke6 35. g4 Rc8 36. Nd2 Nf2 37. Rg1 Bd5 38. Kg3 Nh1+ 39. Kh3 Rc2 40. e4 Bc6
41. Rg2 h5 42. gxh5 f5 43. Kh2 Rc1 44. Rxg7 Rd1 45. Rg2 f4 46. h6 Ng3 47. Kh3
Kf6 48. Bg1 Bd7+ 49. Kh2 Rxd2  0-1

[Event "Summer Prague Open 2020 - A"]
[Site "Olympik hotel, Sokolovska 138, Praha"]
[Date "2020.08.10"]
[Round "4"]
[Board "22"]
[White "Brejnik, Gustav"]
[Black "Balint, Peter"]
[Result "1-0"]
[WhiteElo "2265"]
[BlackElo "2099"]
[PlyCount "43"]
[EventDate "2020.08.08"]
[EventRounds "9"]
[EventCountry "CZE"]

1. d4 Nf6 2. Nf3 g6 3. g3 Bg7 4. Bg2 d5 5. c4 O-O 6. O-O dxc4 7. Na3 c5 8. Nxc4
Bf5 9. b3 Ne4 10. Bb2 Nc6 11. Nfe5 Ng5 12. Nxc6 bxc6 13. h4 Nh3+ 14. Kh2 Qc8
15. dxc5 Bxb2 16. Nxb2 Rd8 17. Qc1 Qe6 18. e4 Nxf2 19. Rxf2 Bxe4 20. Re2 f5 21.
Bxe4 fxe4 22. Qc4  1-0

[Event "Summer Prague Open 2020 - A"]
[Site "Olympik hotel, Sokolovska 138, Praha"]
[Date "2020.08.10"]
[Round "4"]
[Board "23"]
[White "Hagner, Bennet"]
[Black "Sprenar, Petr"]
[Result "1/2-1/2"]
[WhiteElo "2096"]
[BlackElo "2257"]
[PlyCount "50"]
[EventDate "2020.08.08"]
[EventRounds "9"]
[EventCountry "CZE"]

1. e4 e6 2. d4 d5 3. Nc3 dxe4 4. Nxe4 Nd7 5. Bd3 Ngf6 6. Qe2 Nxe4 7. Bxe4 Nf6
8. Bxb7 Bxb7 9. Qb5+ Nd7 10. Qxb7 c5 11. Ne2 cxd4 12. Nxd4 Bc5 13. Nb3 Bb6 14.
Bg5 Qc8 15. Qe4 O-O 16. O-O Bc7 17. Rad1 Nb6 18. Nd4 Qa6 19. Rd3 Bd8 20. Rh3 g6
21. Nxe6 fxe6 22. Qxe6+ Kh8 23. Be7 Bxe7 24. Qxg6 Bh4 25. Rxh4 Qb7  1/2-1/2

[Event "Summer Prague Open 2020 - A"]
[Site "Olympik hotel, Sokolovska 138, Praha"]
[Date "2020.08.10"]
[Round "4"]
[Board "24"]
[White "Kusa, Jakub"]
[Black "Toman, Jan"]
[Result "1/2-1/2"]
[WhiteElo "2239"]
[BlackElo "2085"]
[PlyCount "66"]
[EventDate "2020.08.08"]
[EventRounds "9"]
[EventCountry "CZE"]

1. e4 e6 2. d4 d5 3. Nd2 c5 4. exd5 Qxd5 5. dxc5 Nf6 6. Ngf3 Qxc5 7. Bd3 Be7 8.
O-O Nbd7 9. Qe2 Qc7 10. c3 O-O 11. Nb3 e5 12. Bg5 Re8 13. Nbd2 Bd6 14. Rfe1 Kh8
15. Bb5 a6 16. Bxf6 axb5 17. Bh4 b4 18. cxb4 Bxb4 19. a3 Bxd2 20. Nxd2 Ra6 21.
Rac1 Rc6 22. Rxc6 Qxc6 23. Qc4 Qh6 24. Nf1 f6 25. Ne3 Nf8 26. Bg3 Ne6 27. f3
Bd7 28. Bf2 Qg6 29. Qe4 Qxe4 30. fxe4 Bc6 31. Nd5 Ng5 32. Nc3 Rd8 33. h4 Ne6
 1/2-1/2

[Event "Summer Prague Open 2020 - A"]
[Site "Olympik hotel, Sokolovska 138, Praha"]
[Date "2020.08.10"]
[Round "4"]
[Board "25"]
[White "Jun, Rudolf"]
[Black "Defromont, Benjamin"]
[Result "1/2-1/2"]
[WhiteElo "2094"]
[BlackElo "2236"]
[PlyCount "70"]
[EventDate "2020.08.08"]
[EventRounds "9"]
[EventCountry "CZE"]

1. e4 e5 2. Nf3 Nc6 3. Bb5 a6 4. Ba4 Nf6 5. O-O Be7 6. Re1 b5 7. Bb3 d6 8. c3
O-O 9. h3 Nb8 10. d4 Nbd7 11. Nbd2 Bb7 12. Bc2 Re8 13. Nf1 Bf8 14. Ng3 g6 15.
a4 Nb6 16. axb5 axb5 17. Rxa8 Qxa8 18. Qe2 exd4 19. cxd4 Nxe4 20. Nxe4 Bxe4 21.
Bxe4 d5 22. Ne5 dxe4 23. Qxb5 Rd8 24. Qb3 Qd5 25. Qxd5 Rxd5 26. Rxe4 f5 27. Re1
Rxd4 28. Be3 Rd5 29. Nf3 Nc4 30. Bf4 Nxb2 31. Bxc7 Bc5 32. Re8+ Kf7 33. Re2
Rd1+ 34. Kh2 Nd3 35. Ng5+ Kg7  1/2-1/2

[Event "Summer Prague Open 2020 - A"]
[Site "Olympik hotel, Sokolovska 138, Praha"]
[Date "2020.08.10"]
[Round "4"]
[Board "26"]
[White "Plesek, Jiri"]
[Black "Toman, Ondrej"]
[Result "0-1"]
[WhiteElo "2069"]
[BlackElo "2233"]
[PlyCount "108"]
[EventDate "2020.08.08"]
[EventRounds "9"]
[EventCountry "CZE"]

1. d4 Nf6 2. c4 e5 3. dxe5 Ng4 4. Nf3 Bc5 5. e3 Nc6 6. Be2 O-O 7. O-O Ncxe5 8.
Nxe5 Nxe5 9. Bd2 a5 10. Bc3 Qe7 11. Nd2 Ra6 12. Nb3 Bb4 13. Bxb4 axb4 14. Nd4
c5 15. Nf3 Ng6 16. Qd5 d6 17. Qh5 Nf4 18. exf4 Qxe2 19. b3 Rxa2 20. Rad1 Qe7
21. Rfe1 Qf6 22. Qg5 Rd8 23. Re5 b6 24. h3 Bb7 25. Re3 Bxf3 26. Rxf3 Qxg5 27.
fxg5 Kf8 28. Rfd3 Rb2 29. Ra1 Re2 30. Ra6 Ke7 31. Rxb6 Rd7 32. Ra6 Re6 33. Ra8
h6 34. gxh6 Rxh6 35. f4 Re6 36. Kf2 Kf6 37. Ra6 g6 38. Rd5 Ke7 39. Ra8 Re4 40.
Kf3 Re1 41. Rd3 Rf1+ 42. Ke2 Rb1 43. Ra6 Ke6 44. g4 Rb2+ 45. Kf3 Rc2 46. g5 Rc3
47. Re3+ Kf5 48. Rb6 Rxe3+ 49. Kxe3 Re7+ 50. Kf3 Re4 51. Rxd6 Rxf4+ 52. Kg3
Kxg5 53. Rd5+ Rf5 54. h4+ Kf6  0-1

[Event "Summer Prague Open 2020 - A"]
[Site "Olympik hotel, Sokolovska 138, Praha"]
[Date "2020.08.10"]
[Round "4"]
[Board "27"]
[White "Molkanov, Oleg"]
[Black "Pribyl, Viktor"]
[Result "0-1"]
[WhiteElo "2066"]
[BlackElo "2221"]
[PlyCount "68"]
[EventDate "2020.08.08"]
[EventRounds "9"]
[EventCountry "CZE"]

1. c4 Nf6 2. Nc3 d5 3. cxd5 Nxd5 4. Nf3 Nxc3 5. bxc3 g6 6. Ba3 Bg7 7. Qa4+ Nd7
8. h4 O-O 9. h5 Re8 10. hxg6 hxg6 11. Qh4 c5 12. e3 Qa5 13. Bc4 e6 14. Bb2 b5
15. Bd3 Bb7 16. Ng5 Ne5 17. Be4 Bxe4 18. Nxe4 Nd3+ 19. Ke2 Qd8 20. Qxd8 Rexd8
21. Rab1 b4 22. Ba1 a5 23. c4 Bxa1 24. Rxa1 Rab8 25. Rab1 a4 26. f4 Kg7 27. g4
Rd7 28. Rh2 Rh8 29. Rxh8 Kxh8 30. Rh1+ Kg7 31. Rh7+ Kxh7 32. Nf6+ Kg7 33. Nxd7
b3 34. axb3 a3  0-1

[Event "Summer Prague Open 2020 - A"]
[Site "Olympik hotel, Sokolovska 138, Praha"]
[Date "2020.08.10"]
[Round "4"]
[Board "28"]
[White "Schernthaner, David"]
[Black "Lipinsky, Markus"]
[Result "1-0"]
[WhiteElo "2215"]
[BlackElo "2062"]
[PlyCount "113"]
[EventDate "2020.08.08"]
[EventRounds "9"]
[EventCountry "CZE"]

1. e4 c5 2. Nf3 d6 3. Bb5+ Nd7 4. d4 a6 5. Be2 cxd4 6. Qxd4 e5 7. Qe3 Be7 8.
O-O Ngf6 9. c4 Nc5 10. Nfd2 Ne6 11. Nb3 Bd7 12. Nc3 Rc8 13. Rd1 Nf4 14. Bf1 h5
15. Qe1 g5 16. Be3 Ne6 17. a4 Kf8 18. a5 Qe8 19. Nd5 Nxe4 20. f3 N4c5 21. Bxc5
Nxc5 22. Nxc5 Rxc5 23. b4 Rc6 24. Ra2 Bd8 25. Qe3 Be6 26. Rad2 Rh6 27. Kh1 Rg6
28. c5 Bxd5 29. Rxd5 Qe7 30. Bd3 Rh6 31. Be4 Rc8 32. Rxd6 Rxd6 33. Rxd6 Bc7 34.
Rd3 Rd8 35. Qd2 Rxd3 36. Qxd3 Qe8 37. Bxb7 Qa4 38. Qb1 Qb5 39. Be4 g4 40. fxg4
hxg4 41. Bd3 Qd7 42. Qf1 Qd4 43. Bg6 Qd5 44. b5 Ke7 45. Bxf7 Qxc5 46. bxa6 Bxa5
47. Bh5 Bb6 48. Bxg4 e4 49. g3 Qd5 50. Qe2 Qd4 51. Kg2 e3 52. Bf3 Qd7 53. Qb2
Qe6 54. a7 Bxa7 55. Qa3+ Kf6 56. Qxa7 e2 57. Bxe2  1-0

[Event "Summer Prague Open 2020 - A"]
[Site "Olympik hotel, Sokolovska 138, Praha"]
[Date "2020.08.10"]
[Round "4"]
[Board "30"]
[White "Fischer, Julie"]
[Black "Vorisek, Jakub"]
[Result "0-1"]
[WhiteElo "2063"]
[BlackElo "2205"]
[PlyCount "64"]
[EventDate "2020.08.08"]
[EventRounds "9"]
[EventCountry "CZE"]

1. e4 e6 2. d4 d5 3. Nc3 Bb4 4. e5 c5 5. Bd2 Ne7 6. Nb5 Bxd2+ 7. Qxd2 O-O 8. f4
cxd4 9. Nf3 Nbc6 10. Bd3 a6 11. Nd6 Bd7 12. O-O Nc8 13. Nxc8 Rxc8 14. Bxh7+
Kxh7 15. Ng5+ Kg6 16. Qd3+ f5 17. Qg3 Qe7 18. Nxe6+ Kh7 19. Ng5+ Kg8 20. Qf3
Be8 21. Qxd5+ Bf7 22. e6 Bg6 23. Rad1 Rfd8 24. Qb3 Na5 25. Qg3 Rxc2 26. Qh4 d3
27. Rf3 Qc5+ 28. Kh1 Rc1 29. Rff1 Rxd1 30. Rxd1 Nc6 31. Nf3 d2 32. Ne5 Qc1  0-1

[Event "Summer Prague Open 2020 - B"]
[Site "Olympik hotel, Sokolovska 138,"]
[Date "2020.08.10"]
[Round "4"]
[White "Svanda, Adam"]
[Black "Leitgeb, Julian"]
[Result "0-1"]
[WhiteElo "1852"]
[BlackElo "1470"]
[Annotator "Stanice"]
[PlyCount "60"]
[EventDate "2020.08.08"]

1. c4 Nf6 2. Nc3 e6 3. e4 d5 4. e5 d4 5. exf6 dxc3 6. fxg7 cxd2+ 7. Bxd2 Bxg7
8. Qb3 Nc6 9. Nf3 e5 10. O-O-O Nd4 11. Nxd4 exd4 12. Qb5+ c6 13. Re1+ Be6 14.
Qxb7 O-O 15. Bd3 Qf6 16. Qc7 Bf5 17. Qg3 Bxd3 18. Qxd3 c5 19. h4 Rab8 20. h5
Qb6 21. b3 a5 22. h6 Bf6 23. Re4 Kh8 24. Rh3 Rg8 25. g4 a4 26. Rg3 axb3 27.
axb3 Ra8 28. Kd1 Bg5 29. f4 Bh4 30. Rg2 f5 {White's time is up} 0-1

[Event "Summer Prague Open 2020 - B"]
[Site "Olympik hotel, Sokolovska 138,"]
[Date "2020.08.10"]
[Round "4"]
[White "Vargas Drechsler, Carlos"]
[Black "Arnold, Frieda"]
[Result "1/2-1/2"]
[WhiteElo "1829"]
[BlackElo "1789"]
[PlyCount "37"]
[EventDate "2020.08.08"]

1. e4 c5 2. Nf3 Nc6 3. d4 cxd4 4. Nxd4 e5 5. Nb5 d6 6. c4 g6 7. Be3 Nf6 8. Bg5
Qa5+ 9. Qd2 Nxe4 10. Qxa5 Nxa5 11. Nc7+ Kd7 12. Nxa8 Nxg5 13. Nc3 Nc6 14. c5
dxc5 15. Bb5 Ne6 16. O-O-O+ Ned4 17. Rhe1 Bh6+ 18. Kb1 f6 19. Ne4 1/2-1/2

[Event "Summer Prague Open 2020 - B"]
[Site "Olympik hotel, Sokolovska 138,"]
[Date "2020.08.10"]
[Round "4"]
[White "Bauer, Jan"]
[Black "Pejrimovska, Viola Ruby"]
[Result "0-1"]
[WhiteElo "1924"]
[BlackElo "1569"]
[Annotator "Stanice"]
[PlyCount "68"]
[EventDate "2020.08.08"]

1. e4 c5 2. d4 cxd4 3. Qxd4 Nc6 4. Qe3 e6 5. Nc3 d6 6. Bd2 a6 7. Bc4 b5 8. Bb3
Nf6 9. h3 Be7 10. f4 O-O 11. Nf3 Bb7 12. O-O-O Na5 13. g4 b4 14. Ne2 Nxe4 15.
Bxb4 Nxb3+ 16. axb3 a5 17. Ba3 Qc7 18. Rhf1 Rfc8 19. Nc3 a4 20. Nd4 Nxc3 21.
Qxc3 Qxc3 22. bxc3 axb3 23. Kb2 bxc2 24. Nxc2 $11 Ba6 25. Rfe1 Rab8+ 26. Bb4
Rc4 27. Rd4 d5 28. Rxc4 Bxc4 29. Kc1 Bxb4 30. cxb4 Bd3 31. f5 Rc8 32. fxe6
Rxc2+ 33. Kd1 fxe6 34. Rxe6 Rb2 0-1

[Event "Summer Prague Open 2020 - B"]
[Site "Olympik hotel, Sokolovska 138,"]
[Date "2020.08.10"]
[Round "4"]
[White "Arnold, Lorin"]
[Black "Kievelitz, Bernd"]
[Result "0-1"]
[WhiteElo "1680"]
[BlackElo "1848"]
[PlyCount "118"]
[EventDate "2020.08.08"]

1. d4 Nf6 2. e3 b6 3. Bd3 Bb7 4. Nf3 g6 5. O-O Bg7 6. c4 O-O 7. Nc3 d6 8. Qc2
Nbd7 9. Ne4 Nxe4 10. Bxe4 Bxe4 11. Qxe4 c5 12. Bd2 Nf6 13. Qd3 Qc7 14. Bc3 Nd7
15. d5 Bxc3 16. Qxc3 Ne5 17. Nxe5 dxe5 18. Rfd1 Qd6 19. Rab1 f5 20. Re1 e4 21.
Red1 Rad8 22. Rd2 Rd7 23. h3 Qf6 24. Qc2 Rfd8 25. Rbd1 Qe5 26. b3 Rd6 27. Qc1
Kf7 28. Qb2 Qxb2 29. Rxb2 Kf6 30. f3 e6 31. Rbd2 exd5 32. cxd5 exf3 33. gxf3
Ke5 34. e4 fxe4 35. fxe4 Kxe4 36. Re1+ Kf5 37. Rf2+ Kg5 38. h4+ Kh6 39. h5 Rxd5
40. hxg6 hxg6 41. Re7 R8d7 42. Rh2+ Kg5 43. Rg2+ Kf6 44. Rxd7 Rxd7 45. Rf2+ Kg7
46. Re2 g5 47. Kg2 Kg6 48. Rc2 g4 49. a4 a5 50. Re2 Kf5 51. Re3 Rd4 52. Kg3 Rb4
53. Rc3 Ke5 54. Re3+ Kd4 55. Kf4 Kd5+ 56. Kf5 c4 57. Re5+ Kc6 58. Re6+ Kb7 59.
bxc4 Rxc4 0-1

[Event "Summer Prague Open 2020 - B"]
[Site "Olympik hotel, Sokolovska 138,"]
[Date "2020.08.10"]
[Round "4"]
[White "Haubold, Christian Lucas"]
[Black "Karlsson, Peter 1965"]
[Result "1/2-1/2"]
[WhiteElo "1572"]
[BlackElo "1759"]
[PlyCount "91"]
[EventDate "2020.08.08"]

1. e4 d5 2. exd5 Nf6 3. d4 Nxd5 4. Nf3 c6 5. c4 Nb6 6. Nc3 g6 7. h3 Bg7 8. Be3
O-O 9. Qd2 N8d7 10. O-O-O Nf6 11. Bh6 Re8 12. Bxg7 Kxg7 13. g4 Nbd7 14. Be2 Nf8
15. Rdg1 Qc7 16. g5 Ng8 17. h4 Bf5 18. h5 Rad8 19. Qe3 Ne6 20. Rd1 Qf4 21. Rh4
Qxe3+ 22. fxe3 gxh5 23. d5 Nf8 24. Rxh5 Bg6 25. Rhh1 f6 26. Rd4 e5 27. Rdd1
fxg5 28. Nxg5 Nf6 29. Rhg1 Rd6 30. e4 Red8 31. Bf1 cxd5 32. cxd5 a6 33. Bh3 h6
34. Ne6+ Nxe6 35. Bxe6 Kh7 36. Rde1 Nh5 37. Nd1 Nf4 38. Nf2 Nxe6 39. dxe6 Rxe6
40. Rd1 Rc6+ 41. Kb1 Rxd1+ 42. Rxd1 Rc7 43. Rd5 Rf7 44. Rd2 h5 45. b3 Kh6 46.
Kb2 1/2-1/2

[Event "Summer Prague Open 2020 - B"]
[Site "Olympik hotel, Sokolovska 138,"]
[Date "2020.08.10"]
[Round "4"]
[White "Karlsson, Henrik 1974"]
[Black "Delaruelle, Christian"]
[Result "1/2-1/2"]
[WhiteElo "1687"]
[BlackElo "1684"]
[PlyCount "76"]
[EventDate "2020.08.08"]

1. e4 e5 2. Nf3 Nc6 3. d4 exd4 4. Nxd4 Bc5 5. Nb3 Bb6 6. Qe2 d6 7. Be3 Nf6 8.
Nc3 O-O 9. O-O-O Re8 10. f3 Be6 11. g4 Bxe3+ 12. Qxe3 a5 13. Nd4 Nxd4 14. Qxd4
Qe7 15. h4 Nd7 16. Be2 Qf6 17. Qe3 Nb6 18. g5 Qe7 19. Qd4 Red8 20. f4 c5 21.
Qe3 Bc4 22. Bxc4 Nxc4 23. Qd3 Nb6 24. f5 c4 25. Qd4 Qc7 26. Nb5 Qc6 27. Nc3 Qc5
28. Rd2 Qxd4 29. Rxd4 Rd7 30. Rhd1 Rad8 31. Nb5 d5 32. e5 Re8 33. Re1 Rde7 34.
Nd6 Rxe5 35. Rxe5 Rxe5 36. Nxb7 a4 37. a3 Rxf5 38. Kd2 h6 1/2-1/2

[Event "Summer Prague Open 2020 - B"]
[Site "Olympik hotel, Sokolovska 138,"]
[Date "2020.08.10"]
[Round "4"]
[White "Krupansky, Jaromir"]
[Black "von Lossow, Marcus"]
[Result "1-0"]
[WhiteElo "1661"]
[BlackElo "1685"]
[PlyCount "37"]
[EventDate "2020.08.08"]

1. e4 e5 2. Nf3 Nc6 3. Bc4 Bc5 4. b4 Bxb4 5. c3 Be7 6. d4 Na5 7. Bd3 exd4 8.
cxd4 Bb4+ 9. Nbd2 d5 10. Qa4+ Nc6 11. O-O Bxd2 12. Bxd2 Nge7 13. exd5 Nxd5 14.
Rfe1+ Be6 15. Ng5 Nb6 16. Qb5 a6 17. Qf5 Qf6 18. Nxe6 Qxf5 19. Nxg7+ 1-0

[Event "Summer Prague Open 2020 - B"]
[Site "Olympik hotel, Sokolovska 138,"]
[Date "2020.08.10"]
[Round "4"]
[White "Herter, Arne"]
[Black "Korenek, Frantisek"]
[Result "1-0"]
[WhiteElo "1613"]
[BlackElo "1939"]
[PlyCount "121"]
[EventDate "2020.08.08"]

1. e4 e6 2. d4 d5 3. exd5 exd5 4. Bd3 Nf6 5. Nf3 Bd6 6. O-O O-O 7. Bg5 h6 8.
Bh4 Nbd7 9. c4 dxc4 10. Bxc4 c6 11. a4 Nb6 12. Ba2 Be7 13. Nc3 Nbd5 14. Ne5 Nb4
15. Bc4 Nbd5 16. Qb3 Qb6 17. Nxd5 cxd5 18. Qxb6 axb6 19. Bb3 g5 20. Bg3 Ra5 21.
f3 Be6 22. Rac1 Nh5 23. Be1 Nf4 24. Bxa5 Ne2+ 25. Kf2 Nxc1 26. Rxc1 bxa5 27.
Rc7 Bf6 28. Rxb7 Rc8 29. Rb5 Rc1 30. Rxa5 Rb1 31. Bxd5 Rxb2+ 32. Kg3 Bxd5 33.
Rxd5 Rb4 34. Ng4 Bg7 35. a5 h5 36. Nf2 h4+ 37. Kh3 Bxd4 38. Rxg5+ Kf8 39. Ne4
Ke7 40. Rh5 Ra4 41. Kxh4 Bc3 42. Kh3 Bxa5 43. Re5+ Kf8 44. Nc5 Ra2 45. Nd7+ Kg7
46. Rg5+ Kh6 47. f4 Bd2 48. g3 Ra7 49. Nf6 Bc3 50. Ng4+ Kh7 51. Kh4 Ba1 52. Kh5
Ra6 53. h4 Bg7 54. Ne3 Bf8 55. Nf5 Ra5 56. Ne3 Ra6 57. Rf5 Kg8 58. Nd5 Bg7 59.
Kg4 Rg6+ 60. Rg5 Re6 61. f5 1-0

[Event "Summer Prague Open 2020 - B"]
[Site "Olympik hotel, Sokolovska 138,"]
[Date "2020.08.10"]
[Round "4"]
[White "Jankovsky, Zbynek"]
[Black "Svetly, Jiri"]
[Result "1-0"]
[WhiteElo "1579"]
[BlackElo "1835"]
[PlyCount "93"]
[EventDate "2020.08.08"]

1. d4 Nf6 2. c4 g6 3. Nc3 Bg7 4. Nf3 d6 5. e3 O-O 6. Be2 Nbd7 7. b4 e5 8. Bb2
c6 9. Qc2 Re8 10. O-O Qe7 11. d5 cxd5 12. cxd5 Nb6 13. e4 Bg4 14. Qd3 Rac8 15.
Nd2 Bh6 16. Bxg4 Nxg4 17. Nf3 Rc4 18. h3 Nf6 19. a3 Rec8 20. Ne2 Nxe4 21. Bc1
Bxc1 22. Raxc1 f5 23. Rxc4 Rxc4 24. Nd2 Nxd2 25. Qxd2 Qc7 26. Re1 Kg7 27. f4
Kf6 28. fxe5+ dxe5 29. g4 f4 30. g5+ Kxg5 31. d6 Qc6 32. Nd4 Qd5 33. Rxe5+ Qxe5
34. Nf3+ Kf6 35. Nxe5 Kxe5 36. d7 Nxd7 37. Qxd7 Rc1+ 38. Kf2 Rc2+ 39. Ke1 Rh2
40. Qxh7 g5 41. Qxb7 Kd4 42. Qxa7+ Kd3 43. Qa6+ Ke3 44. Qe6+ Kf3 45. b5 Rg2 46.
b6 Rg3 47. Qe2# 1-0

[Event "Summer Prague Open 2020 - B"]
[Site "Olympik hotel, Sokolovska 138,"]
[Date "2020.08.10"]
[Round "4"]
[White "Klimek, Petr"]
[Black "Seiner, Frantisek"]
[Result "1-0"]
[WhiteElo "1833"]
[BlackElo "1571"]
[PlyCount "71"]
[EventDate "2020.08.08"]

1. e4 e5 2. Nf3 Nf6 3. Nc3 Nc6 4. d4 exd4 5. Nxd4 d6 6. Bc4 Ne5 7. Bb3 g6 8.
O-O Bg7 9. h3 O-O 10. f4 Nc6 11. Be3 Na5 12. Qf3 c5 13. Nde2 Bd7 14. Rad1 Qc7
15. Bd5 Bc6 16. b3 Rfe8 17. Rd2 a6 18. Rfd1 Rad8 19. g4 b5 20. g5 Nxd5 21. Nxd5
Bxd5 22. Rxd5 Nb7 23. Ng3 Qe7 24. f5 Be5 25. Bf4 f6 26. Bxe5 fxe5 27. Qg4 Qf7
28. h4 Rf8 29. h5 Kg7 30. Kg2 Rh8 31. Rf1 Qd7 32. Rfd1 Rhe8 33. hxg6 hxg6 34.
Rh1 Rh8 35. Rxh8 Rxh8 36. f6+ 1-0

[Event "Summer Prague Open 2020 - A"]
[Site "Olympik hotel, Sokolovska 138, Praha"]
[Date "2020.08.11"]
[Round "5"]
[Board "1"]
[White "Christiansen, Johan-Sebastian"]
[Black "Hrabusa, Matej"]
[Result "1-0"]
[WhiteElo "2616"]
[BlackElo "2350"]
[PlyCount "107"]
[EventDate "2020.08.08"]
[EventRounds "9"]
[EventCountry "CZE"]

1. Nf3 d5 2. d4 Nf6 3. c4 e6 4. Nc3 Bb4 5. Bg5 dxc4 6. e4 c5 7. Bxc4 cxd4 8.
Nxd4 Qa5 9. Bd2 Qc5 10. Bb5+ Bd7 11. Nb3 Qb6 12. Bd3 Nc6 13. O-O Rd8 14. Be3
Qc7 15. Nb5 Qb8 16. a3 Be7 17. f4 e5 18. f5 Bc8 19. Qe2 O-O 20. Nc3 Nd4 21.
Nxd4 exd4 22. Bf4 Bd6 23. Bxd6 Qxd6 24. e5 Qc6 25. Ne4 Nxe4 26. Bxe4 Qc5 27.
Bd3 Rfe8 28. Rae1 Rd5 29. e6 fxe6 30. f6 gxf6 31. Rxf6 Rf8 32. Qg4+ Rg5 33.
Rxf8+ Kxf8 34. Qf4+ Ke7 35. Rf1 Kd8 36. Rc1 Qe7 37. Qxd4+ Bd7 38. Be4 Qg7 39.
Qd6 Ke8 40. Rc7 Rd5 41. Qxe6+ Bxe6 42. Rxg7 Rd1+ 43. Kf2 Rd2+ 44. Ke3 Rxb2 45.
Rxh7 Rb3+ 46. Kf4 Rxa3 47. Rxb7 Ra1 48. h4 a5 49. h5 a4 50. h6 Rh1 51. h7 Kf8
52. g4 Rh2 53. Bg6 Rh6 54. Kg5  1-0

[Event "Summer Prague Open 2020 - A"]
[Site "Olympik hotel, Sokolovska 138, Praha"]
[Date "2020.08.11"]
[Round "5"]
[Board "7"]
[White "Toman, Ondrej"]
[Black "Roseneck, Jonas"]
[Result "0-1"]
[WhiteElo "2233"]
[BlackElo "2416"]
[PlyCount "100"]
[EventDate "2020.08.08"]
[EventRounds "9"]
[EventCountry "CZE"]

1. d4 Nf6 2. Bf4 d5 3. e3 e6 4. Nf3 Bd6 5. Nbd2 O-O 6. Bg3 c5 7. c3 Qc7 8. dxc5
Qxc5 9. Bd3 Nbd7 10. e4 Bxg3 11. hxg3 dxe4 12. Bxe4 h6 13. Qe2 Qa5 14. Nc4 Qc7
15. O-O-O Nxe4 16. Qxe4 Nf6 17. Qf4 Qxf4+ 18. gxf4 b6 19. Nd6 Ba6 20. Rd4 Rad8
21. Ne5 Nd5 22. Ndc4 Ne7 23. Rhd1 Rxd4 24. Rxd4 f6 25. Nf3 Nf5 26. Re4 Bb7 27.
Re1 Bxf3 28. gxf3 Kf7 29. a4 Rc8 30. Nd2 Rd8 31. Kc2 Rd5 32. b4 h5 33. Nc4 Nh4
34. a5 b5 35. Na3 Ng2 36. Rh1 Nxf4 37. c4 bxc4 38. b5 Ke7 39. b6 axb6 40. axb6
Kd7 41. Rb1 Kc8 42. b7+ Kb8 43. Nxc4 Rc5 44. Kc3 Rc7 45. Kd4 e5+ 46. Nxe5 fxe5+
47. Kxe5 Rf7 48. Ke4 h4 49. Ke3 h3 50. Rb4 Nd5+  0-1